Statistics for Cartoon Network Shows (New Version)

Click here to take the quiz!

General Stats

  • This quiz has been taken 789 times
  • The average score is 5 of 15

Answer Stats

HintAnswer% Correct
Three idiots who all have the same similar name.Ed, Edd, and Eddy
61%
A boy and a blue creature in which he created.Foster's Home For Imaginary Friends
56%
A boy and his magic dog.Adventure Time
53%
A 10 year old orange haired boy who loves science.Dexter's Lab
51%
Kids who don't have official names, and live next door.CODENAME: Kids Next Door
44%
The newest version of an old dc show.Teen Titans Go!
34%
3 crime fighting girls.The Powerpuff Girls
32%
A boy who's mixed of three animals, loves cooking.Chowder
27%
2 Best Friends who make little situations become giagantic.Regular Show
27%
A cat with the last name doing with water.The Amazing World of Gumball
27%
A man who destroys things, builds them, and destroys again.Destroy, Build, Destroy
22%
The 2008 version of batman.Batman the Brave and the Bold
11%
A show with a man who has a scar on his face, often appears in the show above this hint.Evil Con Carne
4%
A moody girls and an idiot who have a monster as their best friend.Billy & Mandy
2%
4 teenage fighters, fighting crime. Chinese.Lego Ninjago
2%

Score Distribution

Percentile by Number Answered

Percent of People with Each Score

Your Score History

You have not taken this quiz